| LEADER |
00681nam0a2200205 450 |
| 001 |
16867599 |
| 010 |
|
|
|a 2-7404-1415-3
|b Cart.
|d 9
|
| 100 |
|
|
|a 20020708d2002 u u0frey01 ba
|
| 101 |
0 |
|
|a fre
|
| 102 |
|
|
|a FR
|
| 200 |
0 |
|
|a Cochon d'Inde (Le)
|f Anne Royer
|
| 207 |
|
1 |
|a
|
| 215 |
|
|
|a 23 p.
|c ill. en coul.
|d 25 cm
|
| 330 |
|
|
|a Pour tout savoir sur ce petit animal doux et affectueux bien connu des petits.
|
| 606 |
0 |
|
|a Cochon d'Inde
|x Ouvrages pour la jeunesse
|
| 676 |
|
|
|a 636.9
|
| 700 |
|
0 |
|a Royer
|b Anne
|f 1964-....
|4 70
|
| 900 |
|
|
|a Documentaire
|
| 901 |
|
|
|a Jeunesse
|
| 995 |
|
|
|a Médiathèque
|c Médiathèque
|f 00156005891379
|h 00156005891379
|k E 636.9 COC
|o p
|q j
|r az
|e Médiathèque
|